Statistics for Top 15 Countries with Covid-19 Cases - 3 November 2021

Click here to take the quiz!

General Stats

  • This quiz has been taken 17 times
  • The average score is 15 of 27

Answer Stats

country% Correct
United States
100%
India
94%
Italy
88%
Brazil
81%
France
81%
Germany
81%
Russia
81%
Mexico
75%
Spain
75%
United Kingdom
75%
Argentina
69%
Colombia
63%
Turkey
63%
Indonesia
56%
Iran
56%
Belgium
50%
Netherlands
50%
Croatia
38%
Czechia
38%
Slovenia
38%
Georgia
31%
Serbia
31%
Estonia
25%
Israel
25%
Lithuania
25%
Latvia
19%
Bahrain
13%

Score Distribution

Percentile by Number Answered

Percent of People with Each Score

Your Score History

You have not taken this quiz